| 000 | 00874cam a22002773a 4500 | ||
|---|---|---|---|
| 001 | 4906 | ||
| 003 | PGUSA | ||
| 005 | 20140828083111.0 | ||
| 008 | 040101s2004||||xxu|||||s|||||000 | eng d | ||
| 040 |
_aPGUSA _beng |
||
| 042 | _adc | ||
| 050 | 4 | _aPQ | |
| 100 | 1 |
_aBaron, Monsieur _q(Michel), _d1653-1729 |
|
| 245 | 1 | 4 |
_aThe Lucky Man _h[electronic resource] / _cMonsieur Baron |
| 260 |
_bProject Gutenberg, _c2004 |
||
| 500 | _aTranslation of L'homme à bonne fortune. | ||
| 506 | _aCopyrighted. Read the copyright notice inside this book for details. | ||
| 516 | _aElectronic text | ||
| 653 | _aFrench drama -- 17th century -- Translations into English | ||
| 653 | _aComedies | ||
| 700 | 1 | _aMorlock, Frank J. | |
| 740 | 0 | _aL'homme à bonne fortune. English | |
| 830 | 0 |
_aProject Gutenberg _v4906 |
|
| 856 | 4 | 0 | _uhttp://www.gutenberg.org/ebooks/4906 |
| 942 | _cEB | ||
| 999 |
_c234235 _d234235 |
||